000
00249nam a2200109Ia 4500
008
240625s9999 xx 000 0 und d
041
_a
eng
082
_a
330.01595 GRE
100
_a
GREENE WILLIAM H
245
_a
ECONOMETRIC ANALYSIS
260
_c
2000
999
_c
33331
_d
33331